00646nam a2200205Ia 450000500170000000800410001702000220005804000190008004100120009908200130011124501020012426000390022630000100026550400500027563000410032565000190036665100180038570000270040385000100043020231128111431.0131103s9999 xx 000 0 und d a761995862cRs 420 aLoreto College aEnglish a396bMUK aBuilding women's capacitiesb Interventions in gender transformation cEdited by Ranjani K Murthy aNew DelhibSage Publicationsc2001 a383p  aIncludes bibliographical references and index aWomen in community development-India aGender Studies aWomen Studies aMurthy, Ranjani K., ed aLCLIB